Destined for the throne / (Record no. 1617)
[ view plain ]
| 000 -LEADER | |
|---|---|
| fixed length control field | 01033cam a2200301Ii 4500 |
| 001 - CONTROL NUMBER | |
| control field | 4310597 |
| 003 - CONTROL NUMBER IDENTIFIER | |
| control field | OCoLC |
| 005 - DATE AND TIME OF LATEST TRANSACTION | |
| control field | 20180918160554.0 |
| 008 - FIXED-LENGTH DATA ELEMENTS--GENERAL INFORMATION | |
| fixed length control field | 781021s1975 pau 000 0 eng d |
| 020 ## - INTERNATIONAL STANDARD BOOK NUMBER | |
| International Standard Book Number | 0875080146 : |
| Terms of availability | 1.50 |
| 020 ## - INTERNATIONAL STANDARD BOOK NUMBER | |
| International Standard Book Number | 9780875080147 |
| 035 ## - SYSTEM CONTROL NUMBER | |
| System control number | (OCoLC)4310597 |
| 040 ## - CATALOGING SOURCE | |
| Original cataloging agency | SJP |
| Transcribing agency | SJP |
| Modifying agency | DAY |
| -- | AU@ |
| 050 14 - LIBRARY OF CONGRESS CALL NUMBER | |
| Classification number | BV600.2 |
| Item number | .B52 1975 |
| 082 00 - DEWEY DECIMAL CLASSIFICATION NUMBER | |
| Classification number | 262.7 |
| Edition number | 20 |
| Item number | B5989D |
| 082 04 - DEWEY DECIMAL CLASSIFICATION NUMBER | |
| Classification number | 220.6 |
| Item number | B5989D |
| 092 ## - LOCALLY ASSIGNED DEWEY CALL NUMBER (OCLC) | |
| Classification number | 220.6 |
| Item number | B597 |
| 100 1# - MAIN ENTRY--PERSONAL NAME | |
| Personal name | Billheimer, Paul E. |
| 245 10 - TITLE STATEMENT | |
| Title | Destined for the throne / |
| Statement of responsibility, etc. | Paul E. Billheimer. |
| 260 ## - PUBLICATION, DISTRIBUTION, ETC. | |
| Place of publication, distribution, etc. | Ft. Washington, Pa. : |
| Name of publisher, distributor, etc. | Christian Literature Crusade, |
| Date of publication, distribution, etc. | c1975. |
| 300 ## - PHYSICAL DESCRIPTION | |
| Extent | 134 p. ; |
| Dimensions | 18 cm. |
| 500 ## - GENERAL NOTE | |
| General note | A study in Biblical cosmology setting forth the ultimate goal of the universe which is the church reigning with Christ with a new view of prayer as"on-the-job" training in preparation for the throne. |
| 630 00 - SUBJECT ADDED ENTRY--UNIFORM TITLE | |
| Uniform title | Bible |
| General subdivision | Criticism, interpretation, etc. |
| 650 #0 - SUBJECT ADDED ENTRY--TOPICAL TERM | |
| Topical term or geographic name entry element | Biblical cosmology. |
| 650 #0 - SUBJECT ADDED ENTRY--TOPICAL TERM | |
| Topical term or geographic name entry element | Church. |
| 650 #0 - SUBJECT ADDED ENTRY--TOPICAL TERM | |
| Topical term or geographic name entry element | Prayer |
| General subdivision | Christianity. |
| 942 ## - ADDED ENTRY ELEMENTS (KOHA) | |
| Source of classification or shelving scheme | Dewey Decimal Classification |
| Koha item type | Books |
| Withdrawn status | Lost status | Source of classification or shelving scheme | Damaged status | Not for loan | Collection code | Home library | Current library | Shelving location | Date acquired | Total Checkouts | Full call number | Barcode | Date last seen | Price effective from | Koha item type |
|---|---|---|---|---|---|---|---|---|---|---|---|---|---|---|---|
| Dewey Decimal Classification | Non-fiction | Harvest Mission College | Harvest Mission College | General Stacks | 18.09.2018 | 262.7 B5989D | 001382 | 18.09.2018 | 18.09.2018 | Books | |||||
| Dewey Decimal Classification | Non-fiction | Harvest Mission College | Harvest Mission College | General Stacks | 18.09.2018 | 262.7 B5989D | 000525 | 18.09.2018 | 18.09.2018 | Books | |||||
| Dewey Decimal Classification | Non-fiction | Harvest Mission College | Harvest Mission College | General Stacks | 18.09.2018 | 262.7 B5989D | 001722 | 05.10.2018 | 18.09.2018 | Books | |||||
| Dewey Decimal Classification | Non-fiction | Harvest Mission College | Harvest Mission College | General Stacks | 18.09.2018 | 262.7 B5989D | 012756 | 06.07.2022 | 18.09.2018 | Books |
